Informe Final proyecto "Beneficio, Calidad, y Denominación de Origen Café"

Bibliographic Details
Main Author: Nicaragua
Format: Section = Libro
Language:Undetermined
Spanish
Published: Argentina [s.e.] 2009
Subjects:
LEADER 00579nam a2200205Ia 4500
008 240830s9999 xx 000 0 und d
040 |a B-ESTELÍ- RUACS / Ref 338.17373 N583 
041 |a spa 
082 |a Ref 338.17373 N583 
100 1 |a Nicaragua 
245 1 0 |a Informe Final proyecto "Beneficio, Calidad, y Denominación de Origen Café" 
260 |a Argentina  |b [s.e.]  |c 2009 
300 |a 175 p. 
650 7 |a CULTIVO DEL CAFÉ 
650 7 |b  DENOMINACIÓN DE ORIGEN 
650 7 |c  LAS PYMES 
650 7 |d  INVESTIGACIÓN. 
942 |c BK  |2 ddc 
991 |a TEXTO 
999 |c 11719